000 00870cam a22002651 4500
001 cd 40000032
003 DLC
005 20260227111147.0
008 750324s1939 xx 000 0 eng
010 _acd 40000032
035 _a(OCoLC)1234653
040 _aDLC
_cMeB
_dDLC
042 _apremarc
050 0 0 _aQL668.E2
_bS33
100 1 _aSchmidt, Karl Patterson,
_d1890-1957.
245 1 0 _aNew Central American frogs of the genus Hypopachus,
_cby Karl P. Schmidt.
260 _aChicago,
_c1939.
300 _a5 p.
_billus.
_c24 cm.
490 1 _a[Field Museum of Natural History. Publication]
_vno. 435
490 1 _aZoological series of Field Museum of Natural History,
_vv. 24, no. 1
500 _aCaption title.
650 0 _aHypopachus
810 2 _aChicago Natural History Museum.
_tPublications ;
_v435.
830 0 _aFieldiana: zoology ;
_vv. 24, no. 1.
999 _c18542
_d18542